000 02029nam0a2200409 4500
001 RU\NLR\bibl\1013655
005 20250614232221.0
010 _a5-222-09215-1
_bВ пер.
_94000
021 _aRU
_b2006-64138
_93206
035 _a(nilc)RSL-KNO-002957425
035 _a(NLR Aleph) 001001264
090 _a580166
_c580166
100 _a20061010d2006 |||y0rusy50 ca
101 0 _arus
102 _aRU
105 _ay |||||||||
106 _ar
200 1 _aПрактическая психология. Психодиагностика групп и коллективов
_e[учеб. пособие]
_fВ. Б. Шапарь
210 _aРостов-на-Дону
_cФеникс
_d2006
_eСамара
_gСамарский Дом печати
215 _a445 с.
_cил., табл.
_d21
225 1 _aСерия "Психологический факультет"
300 _aНа обл. авт. не указан
320 _aБиблиогр.: с. 438-440
517 0 _aПсиходиагностика групп и коллективов
606 1 _aСоциальные группы малые
_jУчебные издания
_xПсиходиагностика
_92450156
_3RU\NLR\auth\661456836
610 0 _aПсихология -- Социальная (общественная) психология -- Психология малых групп (коллективов). Коллектив и личность -- Методика и техника научно-исследовательской работы в области психологии -- Учебник для высшей школы
686 _aЮ954с.я73-1
_2rubbk
686 _aС550.352в6я7
700 1 _4070
_7ca
_8rus
_aШапарь
_bВ. Б.
_f1957-
_gВиктор Борисович
_9153381
_3RU\NLR\AUTH\770153419
801 0 _aRU
_bРКП
_c20061010
_grcr
801 1 _aRU
_bРГБ
_c20061010
801 2 _aRU
_bNLR
_c20061127
_grcr
830 _aАвт. по кн
942 _cBOOK
980 _aNB